You Wouldn't Want to Sail on the Titanic! : (Record no. 5091)
[ view plain ]
| 000 -LEADER | |
|---|---|
| fixed length control field | 00996nam a22003017a 4500 |
| 001 - CONTROL NUMBER | |
| control field | 5091 |
| 003 - CONTROL NUMBER IDENTIFIER | |
| control field | FISKH |
| 005 - DATE AND TIME OF LATEST TRANSACTION | |
| control field | 20241105160254.0 |
| 008 - FIXED-LENGTH DATA ELEMENTS--GENERAL INFORMATION | |
| fixed length control field | 241105b cb ||||| |||| 00| 0 eng d |
| 020 ## - INTERNATIONAL STANDARD BOOK NUMBER | |
| International Standard Book Number | 0531186423 |
| 040 ## - CATALOGING SOURCE | |
| Original cataloging agency | FISKH |
| Language of cataloging | eng |
| Transcribing agency | FISKH |
| Modifying agency | FISKH |
| 050 ## - LIBRARY OF CONGRESS CALL NUMBER | |
| Classification number | G530.T6 |
| 082 ## - DEWEY DECIMAL CLASSIFICATION NUMBER | |
| Classification number | 910.91634 |
| 100 ## - MAIN ENTRY--PERSONAL NAME | |
| Personal name | Stewart, David |
| 245 ## - TITLE STATEMENT | |
| Title | You Wouldn't Want to Sail on the Titanic! : |
| Remainder of title | One Voyage You'd Rather Not Make / |
| Statement of responsibility, etc. | Written by David Stewart : illustrated by David Antram |
| 250 ## - EDITION STATEMENT | |
| Edition statement | First Scholastic printing , September 2001 |
| 260 ## - PUBLICATION, DISTRIBUTION, ETC. | |
| Place of publication, distribution, etc. | New York : |
| Name of publisher, distributor, etc. | Scholastic ; |
| Date of publication, distribution, etc. | 2001. |
| 300 ## - PHYSICAL DESCRIPTION | |
| Extent | 32 pages : |
| Other physical details | color illustrations ; |
| Dimensions | 26 cm . |
| 490 ## - SERIES STATEMENT | |
| Series statement | You Wouldn't Want to |
| 505 ## - FORMATTED CONTENTS NOTE | |
| Formatted contents note | Z <br/> |
| 520 ## - SUMMARY, ETC. | |
| Summary, etc. | Offers a humorous but factual look at the ill-fated voyage of the R.M.S. Titanic. |
| 521 8# - TARGET AUDIENCE NOTE | |
| Target audience note | 940 <br/> |
| Source | Lexile IG <br/> |
| 521 8# - TARGET AUDIENCE NOTE | |
| Target audience note | Z <br/> |
| Source | Raz-plus <br/> |
| 650 ## - SUBJECT ADDED ENTRY--TOPICAL TERM | |
| Topical term or geographic name entry element | ships |
| Form subdivision | non-fiction |
| 700 ## - ADDED ENTRY--PERSONAL NAME | |
| Personal name | Antram, David |
| Relator term | illustrator |
| 942 ## - ADDED ENTRY ELEMENTS (KOHA) | |
| Source of classification or shelving scheme | Dewey Decimal Classification |
| Koha item type | Books |
| Suppress in OPAC | No |
| Withdrawn status | Lost status | Source of classification or shelving scheme | Damaged status | Not for loan | Collection | Home library | Current library | Shelving location | Date acquired | Total Checkouts | Full call number | Barcode | Date last seen | Price effective from | Koha item type |
|---|---|---|---|---|---|---|---|---|---|---|---|---|---|---|---|
| Dewey Decimal Classification | Non-Fiction | Footprints International School Library Network Toul Kork Campus | Footprints International School Library Network Toul Kork Campus | TTP Secondary Non-Fiction Bookshelves | 11/05/2024 | STE 910.91634 G530.T6 | FISSE00839 | 11/05/2024 | 11/05/2024 | Books |
